Finance of international trade / (Record no. 346675)

000 -LEADER
fixed length control field 00652 a2200205 4500
020 ## - INTERNATIONAL STANDARD BOOK NUMBER
International Standard Book Number 0852975805 (paperback)
020 ## - INTERNATIONAL STANDARD BOOK NUMBER
International Standard Book Number 9780852975800 (paperback)
090 ## - LOCALLY ASSIGNED LC-TYPE CALL NUMBER (OCLC); LOCAL CALL NUMBER (RLIN)
-- 4225
-- 4225
100 1# - MAIN ENTRY--PERSONAL NAME
Personal name Watson, Alasdair.
245 10 - TITLE STATEMENT
Title Finance of international trade /
Statement of responsibility, etc. Alasdair Watson, Cowdell, Hyde, Paul Cowdell, Derek Hyde.
250 ## - EDITION STATEMENT
Edition statement 7th ed.
260 ## - PUBLICATION, DISTRIBUTION, ETC.
Place of publication, distribution, etc. [S.l.] :
Name of publisher, distributor, etc. Financial World Publishing,
Date of publication, distribution, etc. 2000.
300 ## - PHYSICAL DESCRIPTION
Extent 480 p.
700 1# - ADDED ENTRY--PERSONAL NAME
Personal name Cowdell.
700 1# - ADDED ENTRY--PERSONAL NAME
Personal name Hyde.
700 1# - ADDED ENTRY--PERSONAL NAME
Personal name Cowdell, Paul.
700 1# - ADDED ENTRY--PERSONAL NAME
Personal name Hyde, Derek.
856 40 - ELECTRONIC LOCATION AND ACCESS
Materials specified Amazon.com
Uniform Resource Identifier <a href="http://www.amazon.com/exec/obidos/ASIN/0852975805/chopaconline-20">http://www.amazon.com/exec/obidos/ASIN/0852975805/chopaconline-20</a>
942 ## - ADDED ENTRY ELEMENTS (KOHA)
Institution code [OBSOLETE] NBS
Koha item type Book
Call number prefix 332.45 COW
Holdings
Withdrawn status Lost status Damaged status Not for loan Permanent Location Current Location Date acquired Total Checkouts Full call number Barcode Date last seen Date last checked out Price effective from Koha item type
        Central Library (CL) Central Library (CL) 08/28/2013 2 332.45 COW NBS6554 08/02/2019 02/27/2019 08/28/2013 Book
© 2023 Central Library, National University of Sciences and Technology. All Rights Reserved.